Gartside's model business letters : & other business documents

Bibliographic Details
Main Authors: Gartside, Leonard (Author), Taylor, Shirley (Author)
Format: Book
Language:English
Published: London : Financial Times Prentice Hall 1998
Edition:Fifth edition
Subjects:

MARC

LEADER 00000cam a2200000 7i4500
001 0000008404
005 20241003.0
008 010131 enka eng
020 |a 0273633082 
040 |a INS   |b eng   |e rda 
090 0 0 |a HF5726   |b .T373 1998 
100 1 |a Gartside, Leonard ,   |e author 
245 1 0 |a Gartside's model business letters :   |b & other business documents   |c Leonard Gartside, Shirley Taylor 
250 |a Fifth edition 
264 1 |a London :   |b Financial Times Prentice Hall   |c 1998 
300 |a xii, 388 pages :   |b illustrations ;   |c 25 cm. 
336 |a text  |2 rdacontent 
337 |a unmediated  |2 rdamedia 
338 |a volume  |2 rdacarrier 
500 |a Includes index 
650 0 |a Business writing 
650 0 |a Commercial correspondence 
650 0 |a Letter writing 
700 1 |a Taylor, Shirley ,   |e author 
999 |a 0000007892   |b BOOK   |c Open Shelf   |e Default branch 
999 |a 0000008400   |b BOOK   |c Open Shelf   |e Default branch 
999 |a 0000008500   |b BOOK   |c Open Shelf   |e Default branch 
999 |a 0000010502   |b BOOK   |c Open Shelf   |e Default branch 
999 |a 0000011728   |b BOOK   |c Open Shelf   |e Default branch 
999 |a 0000013130   |b BOOK   |c Open Shelf   |e Default branch